Câu hỏi và bài tập nguyên lý kế toán / (Biểu ghi số 1981)

MARC details
000 -LEADER
fixed length control field 00497nam a22001697a 4500
001 - CONTROL NUMBER
control field TVUNI
005 - DATE AND TIME OF LATEST TRANSACTION
control field 20260126014632.0
008 - FIXED-LENGTH DATA ELEMENTS--GENERAL INFORMATION
fixed length control field 221102s2010 vm vie d
040 ## - CATALOGING SOURCE
Original cataloging agency TVUNI
Description conventions AACR2
041 0# - LANGUAGE CODE
Language code of text/sound track or separate title vie
110 2# - MAIN ENTRY--CORPORATE NAME
Corporate name or jurisdiction name as entry element Trường ĐH Lao động xã hội
245 10 - TITLE STATEMENT
Nhan đề Câu hỏi và bài tập nguyên lý kế toán /
Statement of responsibility, etc. Trường ĐH Lao động xã hội
260 ## - PUBLICATION, DISTRIBUTION, ETC.
Place of publication, distribution, etc. Hà Nội :
Name of publisher, distributor, etc. Tài Chính,
Date of publication, distribution, etc. 2010
300 ## - PHYSICAL DESCRIPTION
Extent 104 tr. ;
Dimensions 19 cm.
942 ## - ADDED ENTRY ELEMENTS (KOHA)
Source of classification or shelving scheme Dewey Decimal Classification
Koha item type Sách
912 ## -
-- 1
-- Hiển Phạm
Bản tài liệu
Trạng thái loại khỏi lưu thông Trạng thái mất Source of classification or shelving scheme Trạng thái hư hỏng Không cho mượn Thư viện chính Thư viện hiện tại Kho tài liệu Ngày bổ sung Total checkouts Mã vạch Lần gần nhất còn thấy tài liệu Giá có hiệu lực từ Koha item type
    Dewey Decimal Classification     Thư viện Trường Đại học Trương Vương cơ sở Vĩnh Phúc Thư viện Trường Đại học Trương Vương cơ sở Vĩnh Phúc   03/11/2022   00002151 03/11/2022 03/11/2022 Sách